Statistics for Countries, US States, Capitals, Elements, 100 Most Common Words: Starting with K

Click here to take the quiz!

General Stats

  • This quiz has been taken 10,577 times
  • The average score is 14 of 21

Answer Stats

ANSWER% Correct
Kazakhstan
86%
Kansas
85%
Kenya
85%
Kentucky
84%
Kyrgyzstan
83%
Kiribati
80%
Kuwait
77%
Kosovo
75%
Kuwait City
72%
Kinshasa
63%
Krypton
63%
Kigali
61%
Kingston
61%
Kingstown
61%
Kabul
58%
Kathmandu
58%
Kuala Lumpur
57%
Kiev
56%
Kampala
55%
Khartoum
53%
Know
43%

Score Distribution

Percentile by Number Answered

Percent of People with Each Score

Your Score History

You have not taken this quiz